000 00843nam a22003017a 4500
001 BR0205695
003 BR-BrBNA
005 20230928101211.0
007 ta
008 230509b bl.||||| |||| 00| 0 por d
040 _aBR-BrBNA
_bpor
_cBiblioteca Nacional de Agricultura
041 _a(Por)
072 _aE13
090 _ E13 BR0205695
110 1 _aMinistério da Agricultura e do Abastecimento, Brasília, DF (Brasil)
_96726
245 1 _aO Ministério da Agricultura e o Rio Grande do Sul
260 3 _aBrasília, DF (Brasil):
_c2000.
300 _avp.
650 _aAGRICULTURA
650 _aPECUÁRIA
650 _aCRÉDITO AGRÍCOLA
650 _aFINANCIAMENTO
650 _aPOLÍTICA GOVERNAMENTAL
650 _aEXPORTAÇÃO
650 _aRIO GRANDE DO SUL
909 _a202309
_bLucia
_c55
_dLucia Elande
942 _cBK
999 _c64687
_d64687